Naj w Polsce - Statystyki

Ogólne statystyki
  • Ten quiz został rozwiązany 7 345 razy
    7 297 od ostatniego zresetowania
  • Średni wynik to 5 z 26
Statystyki odpowiedzi
Hint Odpowiedź % Poprawnych
Najwyższy szczyt (2499) Rysy
95%
Największe miasto w Polsce Warszawa
83%
Największe jezioro (113,4 ha) Śniardwy
68%
Najdłuższa rzeka (1047 km) Wisła
62%
Najgłębsze jezioro (108,5 m) Hańcza
58%
Najwyższy budynek (237 m) Pałac Kultury i Nauki w Warszawie
53%
Najniższy punkt (1,8 m p. p. m.) oficjalnie Raczki Elbląskie
28%
Największa fontanna (1 ha - miasto) Wrocław
16%
Najstarsze miasto (prawa miejskie 1257, data zał. 850) Kalisz
14%
Największa pod względem ludności wieś Kozy
7%
Najdłuższy budynek (860 m) Falowiec
5%
Najpopularniejszy dworzec kolejowy (odprawa pasażerów) Katowice
5%
Najstarsze miasto (prawa miejskie 1211, zał. XII w.) Złotoryja
5%
Najstarszy drogowskaz (1151 r. - podaj miasto) Konin
4%
Najmniejsze miasto w Polsce Wyśmierzyce
3%
Najwęższy budynek (152 cm) Dom Kereta
2%
Najniższy punkt (2 m p. p. m.) niepotwierdzone Marzęcino
2%
Najdłuższa wieś (25 km) Ochotnica
2%
Najdłuższa ulica w Polsce (14,5 km) Wał Miedzeszyński w Warszawie
2%
Najnowsze miasta (1 styczeń 2015) Chocz i Stopnica
1%
Najkrótsza rzeka (0,55-0,8 km) Klonownica (Cicha Rzeczka)
1%
Najwyżej położona wyspa (1689 m n.p.m.) - nazwa jeziora Kurtkowiec
1%
Najmniejsza wieś Luboszów
1%
Najstarszy budynek mieszkalny plebania przy ul. Św. Krzyża w Krakowie
1%
Najkrótsza ulica w Polsce (22 m) Samborska w Warszawie
1%
Najwyżej położone jezioro (2070 m n.p.m.) Zadni Mnichowy Stawek
1%
Nie znaleziono quizów pasujących do podanych kryteriów
Rozkład punktacji
Procent ludzi z każdym wynikiem
Percentyl według liczby udzielonych odpowiedzi
Twoja historia wyników
Nie rozwiązałeś tego quizu od ostatniego zresetowania